Statistiques concernant 3 indices - 1 ville aléatoire

Cliquez ici pour prendre le quiz!

Statistiques générales

  • Ce quiz a été pris 8 411 fois
  • Le résultat moyen est 9 sur 20

Statistiques - réponses

IndicesRéponse% Correct
Tour Eiffel / Seine / Ville lumièreParis
96%
Jules César / Pape / ForumRome
94%
Vieux-Port / Bouillabaisse / VélodromeMarseille
90%
Hollywood / Walk of Fame / LakersLos Angeles
89%
Socrate / Acropole / ParthénonAthènes
88%
Promenade des anglais / Henri Matisse / BriceNice
85%
Hôtel de Paris / Grand-Prix / CasinoMonaco
83%
Duomo / Mode / InterMilan
81%
Plaza Mayor / Prado / Santiago BernabeuMadrid
79%
Palais d'été / Sanlitun / BeijingPékin
78%
Vésuve / Pompéi / PizzaNaples
77%
Jardin Shukkei-en / Chūgoku / Détruite par une bombe atomiqueHiroshima
74%
Mur des lamentations / Dôme du Rocher / Église du
Saint-Sépulcre
Jérusalem
72%
Révolution industrielle / Castlefield / Old TraffordManchester
69%
Lance Armstrong / Assassinat de JFK / TexasDallas
68%
Capitale yougoslave / Skadarlija / Étoile rougeBelgrade
67%
Place Tahrir / Nil / ZamalekLe Caire
66%
Atomium / Mont des Arts / Siège de l'OTANBruxelles
64%
Capitale des Gaules / Bouchons / TraboulesLyon
63%
Trinity College / Cathédrale Saint-Patrick / U2Dublin
62%
Federation Square / Victoria / Open d'AustralieMelbourne
60%
Dniepr / Tchernobyl / Laure des GrottesKiev
59%
Po / Piazza San Carlo / PiémontTurin
58%
The Pearl / Al Jazeera / Argentine-France 2022Doha
57%
Walt Disney World / Amway Center / FlorideOrlando
57%
Balkans / Fontaine Sebilj / François-FerdinandSarajevo
57%
Yangzi Jiang / Covid-19 / Tour de la Grue jauneWuhan
57%
Cathédrale San Cristobal / Camila Cabello / CigaresLa Havane
54%
Michigan / Eminem / RobocopDétroit
52%
Michel-Ange / Arno / Santa CroceFlorence
52%
Philips / PSV / Brabant-SeptentrionalEindhoven
50%
Pablo Escobar / Cordillère des Andes / AntioquiaMedellín
50%
J.O d'Hiver 2014 / Nord-Caucase / DendrariumSotchi
50%
Golfe persique / Capitale d'un Émirat / Mosquée Cheikh ZayedAbou Dabi
49%
Mississipi / Louis Armstrong / Berceau du jazz
La Nouvelle-
Orléans
49%
Carthage / Avenue Habib Bourguiba / Sidi Bou SaïdTunis
48%
Tenochtitlan / Assassinat de Trotski / Vierge de GuadalupeMexico
47%
Naoned / Loire / Jules VerneNantes
47%
Jean Bart / Carnaval / Film de Christopher NolanDunkerque
45%
Mont Rokkō / Bœuf / Ikuta-jinjaKobe
45%
Siège du CIO / Vaud / Lac LémanLausanne
45%
Siège du Mercosur / Coupe du Monde FIFA 1930 / Palais SalvoMontevideo
45%
Arènes / Adige / Roméo et JulietteVérone
45%
Monument à Lénine / Crimée / Conférence de 1945Yalta
45%
Alhambra / Albaicín / AndalousieGrenade
44%
Capitale la plus australe du monde / Wairarapa / Russell CroweWellington
44%
Pearl Harbor / Oahu / Barack ObamaHonolulu
43%
Vlad III / Valachie / DanubeBucarest
42%
Saïgon / Bến Thành / Nommé d'après un communiste
Hô Chi Minh-
Ville
42%
Jacaranda / Voortrekker Monument / Statue de Nelson MandelaPretoria
42%
Pacte communiste / Vistule / SirèneVarsovie
42%
Siège de la FIFA / Limmat / UetlibergZurich
42%
Chao Praya / Krung Thep / Very Bad Trip 2Bangkok
41%
Château Frontenac / Samuel de Champlain / Saint-LaurentQuébec
40%
Cathédrale Saint-Philippe / Bull Ring / Peaky BlindersBirmingham
39%
Konrad Adenauer / Rhin / ParfumCologne
38%
Babylone / Tigre / Palais abbassideBagdad
37%
Tours Petronas / Grottes de Batu / KelangKuala Lumpur
37%
Cité ardente / Montagne de Bueren / StandardLiège
36%
Ancyre / Anatolie centrale / Colonne de JulienAnkara
34%
Kalapa / Îles du Salut / Fusées ArianeKourou
34%
Elvis Presley / Mississipi / Berceau du bluesMemphis
34%
Spalentor / Roger Federer / Musée TinguelyBâle
33%
Yucatán / Station balnéaire / Yamil Lu'umCancún
33%
Grotte de Massabielle / Gave de Pau / Sainte BernadetteLourdes
33%
Nommé d'après Paul de Tarse / Palmeiras / PichaçãoSão Paulo
33%
Turia / Fallas / PaellaValence
33%
Kaaba / Abraj Al Bait Towers / HajjLa Mecque
31%
Nour-Soultan / Bayterek / IchimAstana
29%
Fondé par Pizarro / Huaca Pucllana / HaricotLima
28%
Mercedes-Benz / Wilhelma / HegelStuttgart
28%
Stalingrad / Volga / Maison PavlovVolgograd
27%
Mosquée Ketchaoua / Casbah / ChelifAlger
26%
Mère Teresa / Bengale-Occidental / Trou NoirKolkata
26%
Danzig / Poméranie / Lech WałęsaGdańsk
23%
Temple Shi Tenno-ji / Takoyaki / Hanshin TigersOsaka
23%
Musée des Sagas / Hallgrímskirkja / EsjaReykjavik
23%
Cordillère Orientale / Candelaria / "Athènes sud-américaine"Bogotá
22%
Parc Sibelius / Suomenlinna / UusimaaHelsinki
22%
"Gibraltar du Nord" / Alzette / Palais Grand-DucalLuxembourg
21%
Tour Hassan / Chellah / BouregregRabat
21%
Palais de la Bahia / Mosquée Koutoubia / Ville OcreMarrakech
20%
Oude Haven / Érasme / DelfshavenRotterdam
20%
Vitocha / Église de Boyana / Nommé d'après l'église
Sainte-Sophie
Sofia
20%
Nollywood / Ogun / Ancienne capitaleLagos
19%
Montagnes North Shore / Canucks / Parc StanleyVancouver
18%
Stampede / Alberta / Rasta RockettCalgary
16%
Fort rouge / Taj Mahal / Uttar PradeshAgra
15%
Arthur's Seat / Palais de Holyrood / BritanniaÉdimbourg
15%
Bytown / Canal Rideau / Parc de la GatineauOttawa
15%
Guangdong / Citic Plaza / Île de ShamianCanton
14%
Saxe / Plagwitz / Jean-Sébastien BachLeipzig
14%
Notre-Dame du Pilier / Ebro / AragonSaragosse
13%
Ville la plus basse du monde / Livre de Josué / JourdainJéricho
10%
Siège du KGB / Bérézina / Place OktyabrskayaMinsk
10%
Raguse / Stradun / Fort LovrijenacDubrovnik
8%
Boerentoren / Leien / Fontaine de BraboAnvers
6%
Mont Murdjadjo / Chapelle de Santa Cruz / RaïOran
6%
"Saint-Sauveur" / Oscar Romero / Stade CuscatlánSan Salvador
6%
Nommé d'après un Français / Co-cathédrale Saint-Jean / Il-BeltLa Valette
5%

Distribution des résultats

Percentile par nombre de réponses

% des personnes avec chaque résultat

Votre développement - résultats

Vous n’avez pas pris ce quiz